| 000 | 02521nam0a2200361 4500 | ||
|---|---|---|---|
| 001 | RU\NLR\BIBL_A\012931026 | ||
| 005 | 20230209102342.0 | ||
| 010 |
_a978-5-04-158284-5 _93000 |
||
| 021 |
_aRU _bКН-П-22-066664 _9КН-П-22-5790 |
||
| 035 | _a(NLR Aleph) 012931026 | ||
| 035 | _a(RuMoRGB)011247791 | ||
| 090 |
_a12674569 _c12674569 |
||
| 100 | _a20221103d2022 u y0rusy50 ca | ||
| 101 | 1 |
_arus _ceng |
|
| 102 | _aRU | ||
| 105 | _ay z 000ay | ||
| 181 | 0 |
_ai _baxxe |
|
| 182 | 0 | _an | |
| 200 | 1 |
_aДевочки лета _fНэнси Тайер _gперевод с английского Э. С. Чистяковой |
|
| 203 |
_aТекст _bвизуальный _cнепосредственный |
||
| 210 |
_aМосква _cInspiria _cЭксмо _d2022 |
||
| 215 |
_a382 с. _d21 |
||
| 309 | _aКн. вложена в поясок | ||
| 330 | _aЖизнь Лизы Хоули складывалась чудесно. Она встретила будущего мужа еще в старших классах, они поженились, окончили университет; у Эриха была блестящая карьера, а Лиза родила ему двоих детей. Но, увы, чувства угасли. Им было не суждено жить долго и счастливо. Лиза унывала недолго: ее дети, Тео и Джульетта, были маленькими, и она не могла позволить себе такую роскошь, как депрессия. Сейчас дети уже давно выросли и уехали, и она полностью посвятила себя работе, стала владелицей модного бутика на родном острове Нантакет. Только вот ее любимый дом нуждается в ремонте. Лиза обращается к Маку Уитни, местному подрядчику. Между ними пробегает искра, и Лизе кажется, что она наконец сможет вновь довериться мужчине.. | ||
| 333 | _a16+ | ||
| 675 |
_a821.111(73)-31 _v4 |
||
| 686 | 1 | _aШ6(7США)67-440.4{Лх1979-50} | |
| 700 | 1 |
_7ca _8rus _aТэйер _bН. _f1943- _gНэнси _9252341 _3RU\NLR\AUTH\770252397 |
|
| 942 | _cBOOK | ||
| 980 | _aNB | ||